| 000 | 01467nam a2200373 i 4500 | ||
|---|---|---|---|
| 003 | CO-BoRNBP | ||
| 005 | 20230503161807.0 | ||
| 007 | ta | ||
| 008 | 221116s2022 ck a |dr ||| 00| f spa d | ||
| 020 | _a9789588962801 | ||
| 040 |
_aCO-BoRNBP _bspa _cCO-BoRNBP _erda |
||
| 041 | 0 | _aspa | |
| 043 | _as-ck--- | ||
| 084 | _aN CON6 | ||
| 100 | 1 |
_aContreras Hernández, Mauricio _d1960- _eautor _91588 |
|
| 245 | 1 | 0 |
_aAlicia y el dragón que moría de amor _cMauricio Contreras Hernández ; ilustrador Hernando Carrizosa |
| 250 | _aEdición especial | ||
| 264 | 1 |
_aBogotá, Colombia _bEditorial Tiempo de Leer _c2022 |
|
| 300 |
_a116 páginas _bilustraciones en blanco y negro _c21 cm. |
||
| 336 |
_atexto _btxt _2rdacontent |
||
| 337 |
_asin mediación _bn _2rdamedia |
||
| 338 |
_avolumen _bnc _2rdacarrier |
||
| 490 | 0 | _aPlan Nacional de Lectura y Escritura Leer es mi Cuento / Ministerio de Cultura | |
| 521 | _aRecomendado para un público mayor de 12 años | ||
| 650 | 1 | 7 |
_aNovela juvenil colombiana _ySiglo XX _2LEMB _91584 |
| 650 | 1 | 7 |
_aLiteratura juvenil colombiana _ySiglo XX _2LEMB _91585 |
| 650 | 1 | 7 |
_aAutores colombianos _ySiglo XX _2LEMB _9428 |
| 650 | 1 | 7 |
_aVíctimas de la violencia en la literatura _2LEMB _91589 |
| 650 | 1 | 7 |
_aEmigrantes en la literatura _2LEMB _91590 |
| 650 | 1 | 7 |
_aRacismo en la literatura _2LEMB _91591 |
| 651 |
_aBojayá, Colombia _xCondiciones sociales _vNovela _91592 |
||
| 700 | 1 |
_aCarrizosa, Hernando _eilustrador _91593 |
|
| 942 | _cBKLIT | ||
| 999 |
_c9452 _d9452 |
||